00481nam a22001577a 4500003000900000005001700009008003800026020001500064040002200079082001500101100001600116245007400132260005900206300002800265700003000293DO-SdBNP20171130093933.0161031b 1999 sp 00| 0 spa d a8484033767 aBPMSUbspacBPMSU axxxxbxxxx1 aBrown, Kyle10aLeyendas de Egipto /cKyle Brown ; ilustraciones Juan José Aguilar  aMadrid : bEdimat libros, bZugarto ediciones, c1999. a125 p. : bil.c22 cm. 12aAguilar, Juan Joséeil.